The dynamic earth : (Record no. 164)

MARC details
000 -LEADER
fixed length control field 01126cam a2200301 a 4500
005 - DATE AND TIME OF LATEST TRANSACTION
control field 20260322212009.0
008 - FIXED-LENGTH DATA ELEMENTS--GENERAL INFORMATION
fixed length control field data
010 ## - LIBRARY OF CONGRESS CONTROL NUMBER
LC control number 99055475
020 ## - INTERNATIONAL STANDARD BOOK NUMBER
International Standard Book Number 0471161187 (paper/CDROM : alk. paper)
020 ## - INTERNATIONAL STANDARD BOOK NUMBER
International Standard Book Number 0471381535 (CD-ROM)
020 ## - INTERNATIONAL STANDARD BOOK NUMBER
International Standard Book Number 978-0471161189 (paper/CD-ROM : alk. paper)
020 ## - INTERNATIONAL STANDARD BOOK NUMBER
International Standard Book Number 978-0471381532 (CD-ROM)
040 ## - CATALOGING SOURCE
Original cataloging agency DLC
Transcribing agency DLC
Modifying agency CtY
050 00 - LIBRARY OF CONGRESS CALL NUMBER
Classification number QE28.2
Item number .S55 1999
092 ## - LOCALLY ASSIGNED DEWEY CALL NUMBER (OCLC)
Classification number 550 S55 1999
001 - CONTROL NUMBER
control field data
100 1# - MAIN ENTRY--PERSONAL NAME
Personal name Skinner, Brian J.,
Dates associated with a name 1928-
245 14 - TITLE STATEMENT
Title The dynamic earth :
Remainder of title an introduction to physical geology /
Statement of responsibility, etc. Brian J. Skinner, Stephen C. Porter.
250 ## - EDITION STATEMENT
Edition statement 4th ed.
260 ## - PUBLICATION, DISTRIBUTION, ETC.
Place of publication, distribution, etc. New York :
Name of publisher, distributor, etc. Wiley,
Date of publication, distribution, etc. [1999], c2000.
300 ## - PHYSICAL DESCRIPTION
Extent 1 v. (various pagings) :
Other physical details col. ill. ;
Dimensions 28 cm.
Accompanying material + 1 computer laser optical disc (4 3/4 in.)
500 ## - GENERAL NOTE
General note CD-ROM has title: Geosciences in action : virtual internships, videos, and animations.
504 ## - BIBLIOGRAPHY, ETC. NOTE
Bibliography, etc. note Includes bibliographical references (p. SR1-SR2) and index.
590 ## - LOCAL NOTE (RLIN)
Local note Includes index
650 #0 - SUBJECT ADDED ENTRY--TOPICAL TERM
Topical term or geographic name entry element Physical geology.
700 1# - ADDED ENTRY--PERSONAL NAME
Personal name Porter, Stephen C.
740 0# - ADDED ENTRY--UNCONTROLLED RELATED/ANALYTICAL TITLE
Uncontrolled related/analytical title Geosciences in action : virtual internships, videos, and animations.
Holdings
Withdrawn status Lost status Damaged status Not for loan Home library Current library Shelving location Date acquired Total checkouts Full call number Barcode Date last seen Price effective from Koha item type
        Franklin Franklin General stacks 22/03/2026   QE28.2 .S55 1999 BC0010169 22/03/2026 22/03/2026 Books